[Event "World Senior Teams +50"]
[Site "Radebeul GER"]
[Date "2016.06.28"]
[Round "3.16"]
[Board "4"]
[White "Teuschler, Hugo"]
[Black "Tobczewski, Peter"]
[Result "1-0"]
[WhiteElo "2033"]
[BlackElo "2012"]
[WhiteTeam "Graz"]
[BlackTeam "SV Horst-Emscher"]
[WhiteFideId "1608517"]
[BlackFideId "4668200"]
[EventDate "2016.06.26"]

1. e4 c5 2. Nf3 Nf6 3. e5 Nd5 4. Nc3 Nxc3 5. dxc3 d5 6. exd6 Qxd6 7. Qxd6 exd6
8. Bc4 Be6 9. Bb5+ Nc6 10. Bf4 O-O-O 11. O-O-O a6 12. Bxc6 bxc6 13. Ng5 d5 14.
Rhe1 Kd7 15. Rd3 Bd6 16. Bxd6 Kxd6 17. Ne4+ Kc7 18. Nxc5 Kd6 1-0

[Event "World Senior Teams +50"]
[Site "Radebeul GER"]
[Date "2016.06.28"]
[Round "3.17"]
[Board "1"]
[White "Hedin, Gunnar"]
[Black "Gempe, Anet"]
[Result "1-0"]
[BlackTitle "WFM"]
[WhiteElo "2171"]
[BlackElo "2001"]
[WhiteTeam "Sweden"]
[BlackTeam "Germany 2 Women"]
[WhiteFideId "1712381"]
[BlackFideId "4618114"]
[EventDate "2016.06.26"]

1. b3 d5 2. Bb2 e6 3. e3 Nf6 4. f4 Be7 5. Nf3 c5 6. Bb5+ Bd7 7. Qe2 Qb6 8. a4 a6
9. Bxd7+ Nbxd7 10. O-O Rc8 11. Ne5 O-O 12. d3 Rfd8 13. Nd2 Nf8 14. Ndf3 N6d7 15.
a5 Qc7 16. Nxd7 Nxd7 17. e4 dxe4 18. Qxe4 Nf6 19. Qa4 Nd5 20. g3 Bf6 21. Ne5 Ne3
22. Rf2 Ng4 23. Re2 Bxe5 24. fxe5 h5 25. Qe4 Nh6 26. Qf3 g6 27. Qf4 Nf5 28. Rf2
Qe7 29. Ra4 Rd7 30. Rc4 Qd8 31. Bc3 Kg7 32. Qe4 Rd5 33. Kg2 Qd7 34. h4 Rd8 35.
Bd2 Rd4 36. Rxd4 Nxd4 37. Bg5 Rg8 38. Bf6+ Kf8 39. Kh2 Qc6 40. Qf4 Nf5 41. b4
Qd5 42. c3 Ke8 43. bxc5 Qxc5 44. Rb2 b5 45. axb6 Kd7 46. Qa4+ Qc6 47. Qxa6 Ra8
48. Qb5 Qxb5 49. Rxb5 Kc6 50. Rb2 Rb8 51. Bg5 Rxb6 52. Rxb6+ Kxb6 53. Kg2 Kc5
54. Kf3 Kd5 55. Kf4 Kc6 56. Kf3 Kd5 57. Bf4 Ne7 58. Ke3 Nf5+ 59. Kd2 Ne7 60. Ke3
Nf5+ 61. Kd2 Ne7 62. Kc2 Nc6 63. Kb3 Nxe5 64. c4+ Kd4 65. Bxe5+ Kxe5 66. Kb4 Kd6
67. Kb5 e5 68. Kb6 Kd7 69. c5 Kc8 70. Kc6 f5 71. Kd5 f4 72. gxf4 exf4 73. Ke4 1-0

[Event "World Senior Teams +50"]
[Site "Radebeul GER"]
[Date "2016.06.28"]
[Round "3.17"]
[Board "2"]
[White "Skibbe, Diana"]
[Black "Holst, Conny"]
[Result "1/2-1/2"]
[WhiteTitle "WFM"]
[WhiteElo "2071"]
[BlackElo "2148"]
[WhiteTeam "Germany 2 Women"]
[BlackTeam "Sweden"]
[WhiteFideId "4612698"]
[BlackFideId "1701428"]
[EventDate "2016.06.26"]

1. e4 c5 2. Nf3 d6 3. d4 cxd4 4. Nxd4 Nf6 5. Nc3 a6 6. Bg5 e6 7. f4 Nc6 8. e5 h6
9. Nxc6 bxc6 10. Bh4 dxe5 11. Qxd8+ Kxd8 12. fxe5 g5 13. Bg3 Nd5 14. O-O-O Bc5
15. Ne4 Be3+ 16. Kb1 Ke7 17. c4 Nf4 18. h4 c5 19. hxg5 Bb7 20. Nd6 Bc6 21. gxh6
Ng6 22. Bd3 Rxh6 23. Rxh6 Bxh6 24. Rf1 Rf8 25. Rf6 Bg5 26. Bxg6 Bxf6 27. exf6+
Kxf6 28. Be4 Bxe4+ 29. Nxe4+ Kf5 30. Nxc5 Rg8 31. Bd6 Rxg2 32. Nxa6 e5 33. c5 e4
34. c6 e3 35. c7 Rg8 36. Kc2 Ke4 37. Bg3 f5 38. b4 f4 39. Nc5+ Kf3 40. Bxf4 Kxf4
41. b5 Ke5 42. b6 e2 43. b7 e1=Q 44. Nd3+ Kd6 45. c8=N+ Kc7 46. Nxe1 Kxb7 47.
Nd6+ Kc6 48. Nf5 Ra8 49. Kb2 Kd5 50. Ne3+ Ke4 51. N3c2 Kd5 52. Na3 Kc5 53. Nec2
Rb8+ 54. Kc3 Ra8 1/2-1/2

[Event "World Senior Teams +50"]
[Site "Radebeul GER"]
[Date "2016.06.28"]
[Round "3.17"]
[Board "3"]
[White "Gromark, Per-Olof"]
[Black "Beltz, Martina"]
[Result "1-0"]
[BlackTitle "WIM"]
[WhiteElo "2003"]
[BlackElo "2053"]
[WhiteTeam "Sweden"]
[BlackTeam "Germany 2 Women"]
[WhiteFideId "1722433"]
[BlackFideId "4612485"]
[EventDate "2016.06.26"]

1. Nf3 d5 2. c4 c6 3. e3 e6 4. b3 f5 5. Be2 Nf6 6. O-O Bd6 7. Ba3 O-O 8. Bxd6
Qxd6 9. d3 Nbd7 10. Nc3 e5 11. cxd5 cxd5 12. Nb5 Qb6 13. d4 e4 14. Ne5 a6 15.
Nc3 Re8 16. Na4 Qd6 17. Nxd7 Bxd7 18. Nc5 b6 19. Nxd7 Nxd7 20. Rc1 f4 21. Qc2
Re6 22. Qc7 fxe3 23. fxe3 Nf6 24. Qxd6 Rxd6 25. Rc7 a5 26. Rfc1 Rad8 27. h3 R8d7
28. Kf2 Kf7 29. Bb5 Re7 30. Rc8 Nd7 31. R1c7 Rf6+ 32. Kg1 Ke6 33. Rb7 Rff7 34.
g4 Rf3 35. Rcc7 Ref7 36. Bxd7+ Kd6 37. Rc6+ 1-0

[Event "World Senior Teams +50"]
[Site "Radebeul GER"]
[Date "2016.06.28"]
[Round "3.17"]
[Board "4"]
[White "Kierzek, Mira"]
[Black "Kirppo, Ronny"]
[Result "1-0"]
[WhiteTitle "WFM"]
[WhiteElo "2003"]
[BlackElo "1823"]
[WhiteTeam "Germany 2 Women"]
[BlackTeam "Sweden"]
[WhiteFideId "15002110"]
[BlackFideId "1724681"]
[EventDate "2016.06.26"]

1. d4 Nf6 2. Nf3 b6 3. Bf4 Bb7 4. e3 g6 5. h3 Bg7 6. Bd3 d6 7. O-O O-O 8. c4
Nbd7 9. Nc3 Re8 10. e4 e5 11. dxe5 Nxe5 12. Nxe5 dxe5 13. Be3 c6 14. Qc2 Qe7 15.
Rfd1 Red8 16. a3 Nd7 17. b4 Nf8 18. c5 b5 19. Bf1 Ne6 20. Rxd8+ Rxd8 21. a4 Nd4
22. Qb2 a6 23. f3 Bf6 24. axb5 cxb5 25. Qa2 Qe6 26. Qxe6 fxe6 27. Ra2 Nc6 28.
Rb2 Kf7 29. Kf2 Ke7 30. Be2 Kf7 31. g3 g5 32. Bf1 Ke7 33. Nb1 Rd7 34. Nd2 h6 35.
Nb1 Rd8 36. Bd2 Rd7 37. Bc3 Rd8 38. Nd2 Rd7 39. Nb3 Rd8 40. Nc1 Rd7 41. Nd3 Kf7
42. Ke3 Rd8 43. Rd2 Ke7 44. Kf2 Rd7 45. Ra2 Rd8 46. Rb2 Rd7 47. Ke3 Rd8 48. Nf2
h5 49. Nd3 Rg8 50. Nf2 Rd8 51. Bd3 Rg8 52. Be2 Rd8 53. Nd3 Rg8 54. Kf2 Rd8 55.
Rd2 Rd7 56. Bf1 Rd8 57. Rc2 Rc8 58. Ra2 Rd8 59. Be2 Rd7 60. Nc1 Rd8 61. Nb3 Rd7
62. Rb2 Rd8 63. Ke3 Rd7 64. Kf2 Rd8 65. Ra2 Rd7 66. Na5 Nxa5 67. Rxa5 Rc7 68.
Ra2 Rd7 69. c6 Bxc6 70. Rxa6 Rc7 71. Bd2 Bd7 72. Be3 Rc2 73. Bc5+ Kd8 74. Ke3
Kc7 75. Ra7+ Kd8 76. Ra8+ Kc7 77. Rf8 Bd8 78. Rf7 Kc8 79. Rh7 h4 80. gxh4 gxh4
81. Rh8 Kc7 82. Rg8 Ra2 83. Rg7 Bf6 84. Rg6 Bd8 85. Rg8 Ra3+ 86. Kf2 Ra2 87. Rg7
Bf6 88. Rg6 Bd8 89. Ke3 Ra3+ 90. Bd3 Ra8 91. Kf2 Ra2+ 92. Be2 Ra8 93. Ke3 Kc6
94. f4 exf4+ 95. Kxf4 Bc7+ 96. e5 Bd8 97. Bf3+ Kc7 98. Bd6+ Kc8 1-0

[Event "World Senior Teams +50"]
[Site "Radebeul GER"]
[Date "2016.06.28"]
[Round "3.18"]
[Board "1"]
[White "Hilbig, Dieter"]
[Black "Becker, Norbert"]
[Result "1/2-1/2"]
[WhiteElo "2014"]
[BlackElo "2092"]
[WhiteTeam "SG Gera/ Meuselwitz"]
[BlackTeam "Rochade Bielefeld Revival"]
[WhiteFideId "24642851"]
[BlackFideId "4675649"]
[EventDate "2016.06.26"]

1. e4 c5 2. Nc3 Nc6 3. f4 g6 4. Nf3 Bg7 5. Bb5 Nd4 6. O-O Nxb5 7. Nxb5 d6 8. Qe1
Bd7 9. Nc3 e6 10. d3 Ne7 11. Nd1 O-O 12. Qh4 Nc6 13. Qh3 f5 14. c3 e5 15. Qg3 b5
16. Re1 Qc7 17. fxe5 Nxe5 18. Ng5 Rae8 19. Nf2 fxe4 20. Qh4 1/2-1/2

[Event "World Senior Teams +50"]
[Site "Radebeul GER"]
[Date "2016.06.28"]
[Round "3.18"]
[Board "2"]
[White "Mueller, Gerhard1"]
[Black "Kohl, Torsten"]
[Result "1-0"]
[WhiteElo "2110"]
[BlackElo "1796"]
[WhiteTeam "Rochade Bielefeld Revival"]
[BlackTeam "SG Gera/ Meuselwitz"]
[WhiteFideId "4692829"]
[BlackFideId "24638870"]
[EventDate "2016.06.26"]

1. e4 c6 2. d4 d5 3. Nd2 dxe4 4. Nxe4 Nd7 5. Bc4 Ngf6 6. Ng5 e6 7. N1f3 Be7 8.
Nxf7 Kxf7 9. Ng5+ Ke8 10. Nxe6 Qa5+ 11. Bd2 Qb6 12. Nxg7+ Kd8 13. Ne6+ Ke8 14.
Qe2 Nf8 15. Ng7+ Kd8 16. O-O-O Nd5 17. Rhe1 Ng6 18. Ne6+ Bxe6 19. Qxe6 Kc7 20.
Bxd5 cxd5 21. Bf4+ Bd6 22. Qf7+ Kc6 23. Bxd6 1-0

[Event "World Senior Teams +50"]
[Site "Radebeul GER"]
[Date "2016.06.28"]
[Round "3.18"]
[Board "3"]
[White "Hilbert, Stephan-Joerg"]
[Black "Beilfuss, Wilfried"]
[Result "1/2-1/2"]
[WhiteElo "1839"]
[BlackElo "2193"]
[WhiteTeam "SG Gera/ Meuselwitz"]
[BlackTeam "Rochade Bielefeld Revival"]
[WhiteFideId "12904244"]
[BlackFideId "4607856"]
[EventDate "2016.06.26"]

1. b4 e5 2. Bb2 d6 3. e3 Nf6 4. c4 g6 5. Nf3 Bg7 6. Be2 O-O 7. d3 Nbd7 8. O-O
Re8 9. Qc2 b6 10. Nbd2 Bb7 11. a4 a5 12. bxa5 Rxa5 13. Bc3 Ra8 14. a5 bxa5 15.
Bxa5 e4 16. Nd4 Nc5 17. Nb5 exd3 18. Bxd3 Re7 19. Bc3 Re8 1/2-1/2

[Event "World Senior Teams +50"]
[Site "Radebeul GER"]
[Date "2016.06.28"]
[Round "3.19"]
[Board "1"]
[White "Kracht, Helmut"]
[Black "Mueller, Michael1"]
[Result "0-1"]
[BlackTitle "FM"]
[WhiteElo "2022"]
[BlackElo "2244"]
[WhiteTeam "SK Kaltenkirchen"]
[BlackTeam "Stiftung BSW / DBAG II"]
[WhiteFideId "4690567"]
[BlackFideId "4622081"]
[EventDate "2016.06.26"]

1. e4 c5 2. Nf3 d6 3. d4 cxd4 4. Nxd4 Nc6 5. c4 g6 6. Nc3 Bg7 7. Be3 Nf6 8. Be2
Bd7 9. O-O h5 10. h3 h4 11. Nf3 Ne5 12. Ng5 Rc8 13. b3 Bc6 14. Rc1 Nh5 15. Bxh5
Rxh5 16. f4 Bf6 17. Nd5 Bxd5 18. Qxd5 Bxg5 19. fxg5 b6 20. Rcd1 Qd7 21. Rd2 Qc6
22. Bf4 Nd7 23. Be3 Rh7 24. Rf4 e5 25. Qxc6 Rxc6 26. Rg4 Nf8 27. Bf2 Ne6 28.
Bxh4 Rh5 29. Kf2 Ke7 30. Kf3 Kd7 31. Ke3 a6 32. Bg3 Rc5 33. h4 b5 34. cxb5 axb5
35. Bf2 Rh8 36. Ke2 Rc1 37. Bg3 Nd4+ 38. Ke3 Rc3+ 39. Rd3 Rc2 40. Rd2 Rxd2 41.
Kxd2 Ra8 42. Be1 Rxa2+ 43. Kc3 Ra3 0-1

[Event "World Senior Teams +50"]
[Site "Radebeul GER"]
[Date "2016.06.28"]
[Round "3.19"]
[Board "2"]
[White "Kuhne, Detlev"]
[Black "Schiller, Dirk"]
[Result "1-0"]
[WhiteElo "2085"]
[BlackElo "1776"]
[WhiteTeam "Stiftung BSW / DBAG II"]
[BlackTeam "SK Kaltenkirchen"]
[WhiteFideId "4642872"]
[BlackFideId "1270380"]
[EventDate "2016.06.26"]

1. Nf3 d5 2. d4 Nf6 3. c4 c6 4. e3 Bf5 5. Qb3 Qb6 6. c5 Qxb3 7. axb3 Nbd7 8. Nc3
e6 9. b4 Be7 10. b5 O-O 11. bxc6 bxc6 12. b4 Ne4 13. Nxe4 dxe4 14. Nd2 Rfb8 15.
Ra4 e5 16. Nc4 exd4 17. exd4 Be6 18. Bf4 Rd8 19. Na5 Nb6 20. Ra1 Bd5 21. Ba6 Rd7
22. O-O g5 23. Be5 f6 24. Bg3 f5 25. Be5 Bf8 26. cxb6 axb6 27. Nc4 Rxa6 28. Rxa6
Bxc4 29. Rxb6 Bxf1 30. Kxf1 Be7 31. Ke2 Kf7 32. Ke3 Ra7 33. g3 Ra3+ 34. Ke2 Rb3
35. Rxc6 Rxb4 36. Rc2 Rb5 37. Kf1 Rd5 38. Rc7 Rd8 39. Rc6 Rd5 40. Rc8 Rd8 41.
Rc7 Rd5 42. Ke2 Ke6 43. Rc6+ Kf7 44. Ke3 Rb5 45. Rc3 Rd5 46. g4 Bf6 47. Rc7+ Kg6
48. Rc6 1-0

[Event "World Senior Teams +50"]
[Site "Radebeul GER"]
[Date "2016.06.28"]
[Round "3.19"]
[Board "4"]
[White "Tichatschke, Wolfgang"]
[Black "Holzberg, Gerhard"]
[Result "1/2-1/2"]
[WhiteElo "1975"]
[BlackElo "1952"]
[WhiteTeam "Stiftung BSW / DBAG II"]
[BlackTeam "SK Kaltenkirchen"]
[WhiteFideId "4665724"]
[BlackFideId "24680818"]
[EventDate "2016.06.26"]

1. Nf3 Nf6 2. g3 g6 3. Bg2 Bg7 4. O-O O-O 5. d3 d5 6. Bg5 h6 7. Bf4 Nc6 8. c3
Re8 9. Qc2 e5 10. Bc1 Bd7 11. e4 dxe4 12. dxe4 Qc8 13. Na3 a6 14. Nc4 Bh3 15.
Ne1 Bxg2 16. Nxg2 Qe6 17. Nce3 Rad8 18. b3 Rd7 19. f3 Red8 20. Rd1 Rxd1+ 21.
Nxd1 Qd6 22. Nf2 Ne8 23. Be3 Qe6 24. Rd1 Rxd1+ 25. Qxd1 Qd6 26. Qc1 g5 27. h4 f6
28. f4 exf4 29. gxf4 Kh7 30. hxg5 hxg5 31. fxg5 Ne5 32. Nh4 Nd3 33. g6+ Kg8 34.
Nxd3 Qxd3 35. Qd2 Qxe4 36. Bf2 Nd6 37. c4 Qg4+ 38. Kh2 b6 39. Bg3 Qe4 40. Qd5+
Qxd5 41. cxd5 Bh6 42. Kh3 Kg7 43. Kg4 Bd2 44. Nf5+ Kxg6 45. Nxd6 cxd6 46. Bxd6
f5+ 47. Kf3 1/2-1/2

[Event "World Senior Teams +50"]
[Site "Radebeul GER"]
[Date "2016.06.28"]
[Round "3.20"]
[Board "1"]
[White "Baarslag, Ed"]
[Black "Rorvik, Jon F."]
[Result "1/2-1/2"]
[WhiteElo "2098"]
[BlackElo "2145"]
[WhiteTeam "Oranje 2"]
[BlackTeam "Norway Mix"]
[WhiteFideId "1014285"]
[BlackFideId "1501852"]
[EventDate "2016.06.26"]

1. d4 d5 2. Nf3 e6 3. g3 Nf6 4. Bg2 Nbd7 5. c4 c6 6. Qc2 Be7 7. Nbd2 O-O 8. O-O
Re8 9. b3 Bf8 10. Bb2 b6 11. Rad1 Bb7 12. e4 dxe4 13. Nxe4 Qc7 14. Ne5 Nxe4 15.
Bxe4 Nf6 16. Bg2 c5 17. Qe2 Bxg2 18. Kxg2 Qb7+ 19. Qf3 Qxf3+ 20. Kxf3 Rac8 21.
Rd3 Rc7 22. Rfd1 h6 23. dxc5 Bxc5 24. Nd7 Nxd7 25. Rxd7 Rxd7 26. Rxd7 Re7 27.
Rd8+ Kh7 28. a3 a5 29. h4 h5 30. Bd4 Bxd4 31. Rxd4 Kg6 32. Rd6 Rb7 33. Ke4 Kf6
34. f4 Ke7 35. Rd3 1/2-1/2

[Event "World Senior Teams +50"]
[Site "Radebeul GER"]
[Date "2016.06.28"]
[Round "3.20"]
[Board "3"]
[White "Visser, Gerrit"]
[Black "Bjorgvik, Jan Arne"]
[Result "1-0"]
[WhiteElo "2047"]
[BlackElo "1803"]
[WhiteTeam "Oranje 2"]
[BlackTeam "Norway Mix"]
[WhiteFideId "207330"]
[BlackFideId "1503766"]
[EventDate "2016.06.26"]

1. e4 d5 2. exd5 Qxd5 3. Nc3 Qd8 4. d4 e6 5. Nf3 Nf6 6. Bg5 Be7 7. Qd2 h6 8. Bh4
O-O 9. O-O-O c6 10. g4 Ne4 11. Nxe4 Bxh4 12. g5 hxg5 13. Rg1 f6 14. Bd3 b6 15.
Nxh4 gxh4 16. Qh6 Rf7 17. Nxf6+ Qxf6 18. Qh7+ Kf8 19. Qh8+ Ke7 20. Qxc8 Kd6 21.
Rg6 Qe7 22. Re1 Rf6 23. Rxf6 gxf6 24. Bc4 e5 25. dxe5+ fxe5 26. f4 e4 27. Rd1+
Kc5 28. Qh3 e3 29. Qf5+ Kb4 30. a3+ Kxc4 31. b3+ 1-0

[Event "World Senior Teams +50"]
[Site "Radebeul GER"]
[Date "2016.06.28"]
[Round "3.20"]
[Board "4"]
[White "Lie, Terje"]
[Black "Dijkstra, Matthijs"]
[Result "0-1"]
[WhiteElo "1589"]
[BlackElo "2034"]
[WhiteTeam "Norway Mix"]
[BlackTeam "Oranje 2"]
[WhiteFideId "1504916"]
[BlackFideId "1046985"]
[EventDate "2016.06.26"]

1. d4 f5 2. c4 Nf6 3. Nc3 d6 4. Nf3 g6 5. g3 Bg7 6. Bg2 O-O 7. O-O Qe8 8. b3 c6
9. Bb2 Nbd7 10. Qc2 e5 11. dxe5 Nxe5 12. Nxe5 dxe5 13. e3 Be6 14. Rad1 Nh5 15.
Ne2 Qf7 16. f4 e4 17. Rd6 Rfe8 18. Rfd1 Qc7 19. Bxg7 Nxg7 20. Qc3 Bd5 21. R6xd5
cxd5 22. Rxd5 Ne6 23. Bf1 Rad8 24. Rd2 Rxd2 25. Qxd2 Rd8 26. Qb2 Qd6 27. Qf6
Nxf4 28. Qxd6 Nxe2+ 29. Kf2 Rxd6 30. Kxe2 Ra6 31. a4 Rb6 32. h3 Rxb3 33. g4 Rb2+
34. Kd1 Kg7 35. gxf5 gxf5 36. c5 Kf6 37. a5 Rb1+ 38. Ke2 Rc1 39. a6 bxa6 40. Kf2
a5 41. h4 Rxc5 42. Kg3 a4 0-1

[Event "World Senior Teams +50"]
[Site "Radebeul GER"]
[Date "2016.06.28"]
[Round "3.21"]
[Board "1"]
[White "Fegan, Chris"]
[Black "Giulian, Philip M"]
[Result "1/2-1/2"]
[BlackTitle "FM"]
[WhiteElo "2071"]
[BlackElo "2127"]
[WhiteTeam "England 3"]
[BlackTeam "Scotland"]
[WhiteFideId "410047"]
[BlackFideId "2400197"]
[EventDate "2016.06.26"]

1. e4 c6 2. d3 d5 3. Nd2 g6 4. Ngf3 Bg7 5. g3 e5 6. Bg2 Ne7 7. O-O O-O 8. Re1 d4
9. Nc4 b5 10. Ncd2 Nd7 11. b4 a5 12. bxa5 Rxa5 13. Bb2 c5 14. c4 dxc3 15. Bxc3
Ra3 16. Qc2 Nc6 17. Reb1 Ba6 18. Rb3 Ra4 19. a3 Qe7 20. Rbb1 Rc8 21. Qd1 Nb6 22.
Bf1 Qd7 23. Be2 Nd4 24. Bxd4 cxd4 25. Rc1 Qd6 26. Rxc8+ Bxc8 27. Qb3 Bd7 28. Ng5
Be8 29. Bd1 Ra8 30. Qb2 Bf8 31. Nb1 Na4 32. Qd2 Qc5 33. f4 exf4 34. gxf4 h6 35.
Nf3 Nc3 36. Bb3 Qh5 37. Qg2 Bg7 38. e5 Nxb1 39. Rxb1 Bc6 40. Bd1 Rxa3 41. Nxd4
Bxg2 42. Bxh5 Rxd3 43. Nxb5 Rd2 44. Bd1 Bf8 45. Rc1 Bd5 46. Nc7 Ba3 47. Rb1 Bc5+
48. Kf1 Bc4+ 49. Ke1 Rxh2 50. Rb8+ Kh7 51. Bf3 Bf2+ 52. Kd1 Bh4 53. Rb4 Ba2 54.
Na8 Rf2 55. Be2 Rh2 56. Bf3 h5 57. f5 gxf5 58. Bxh5 Bg5 59. Be2 Bd5 60. Nb6 Kg6
61. Rb5 Be6 1/2-1/2

[Event "World Senior Teams +50"]
[Site "Radebeul GER"]
[Date "2016.06.28"]
[Round "3.21"]
[Board "2"]
[White "Findlay, David John"]
[Black "Fraser-Mitchell, Jeremy N"]
[Result "1/2-1/2"]
[WhiteElo "2132"]
[BlackElo "2061"]
[WhiteTeam "Scotland"]
[BlackTeam "England 3"]
[WhiteFideId "2400278"]
[BlackFideId "405000"]
[EventDate "2016.06.26"]

1. e4 Nc6 2. Nc3 e6 3. d4 d5 4. Nf3 Nf6 5. Bd3 Nb4 6. e5 Nxd3+ 7. Qxd3 Ng8 8.
O-O Ne7 9. Ne2 Nf5 10. Ng3 Nh4 11. Nxh4 Qxh4 12. f4 g6 13. Bd2 b6 14. Kh1 Bb7
15. Bb4 O-O-O 16. Bxf8 Rdxf8 17. a4 a6 18. a5 b5 19. Rae1 Qe7 20. Ne2 Kb8 21. c3
Rc8 22. Rd1 Rhd8 1/2-1/2

[Event "World Senior Teams +50"]
[Site "Radebeul GER"]
[Date "2016.06.28"]
[Round "3.21"]
[Board "3"]
[White "Cross, Ian K"]
[Black "Giulian, Rosemary A"]
[Result "0-1"]
[WhiteElo "1685"]
[BlackElo "1864"]
[WhiteTeam "England 3"]
[BlackTeam "Scotland"]
[WhiteFideId "470155"]
[BlackFideId "2400375"]
[EventDate "2016.06.26"]

1. d4 e6 2. e3 Nf6 3. f4 d5 4. Nf3 Be7 5. Bd3 Nbd7 6. Nbd2 c5 7. b3 b6 8. Bb2
Bb7 9. Qe2 Qc7 10. Ne5 Ne4 11. Nxe4 Nxe5 12. Bb5+ Nd7 13. Nf2 cxd4 14. Bxd4 Bb4+
15. Kf1 Bc3 16. Rd1 Bxd4 17. Rxd4 O-O 18. Ng4 Nc5 19. g3 Rac8 20. Nf2 a6 21. Bd3
Nxd3 22. Rxd3 Qxc2 23. Rd2 Qg6 24. Nd3 Rc3 25. Kf2 Qe4 26. Rg1 Rd8 27. a4 a5 28.
Ne5 d4 29. Rxd4 Rxd4 30. exd4 Qxd4+ 0-1

[Event "World Senior Teams +50"]
[Site "Radebeul GER"]
[Date "2016.06.28"]
[Round "3.21"]
[Board "4"]
[White "Jennings, Richard"]
[Black "Majer, Chris E"]
[Result "0-1"]
[WhiteElo "1855"]
[BlackElo "1915"]
[WhiteTeam "Scotland"]
[BlackTeam "England 3"]
[WhiteFideId "2404435"]
[BlackFideId "411876"]
[EventDate "2016.06.26"]

1. c4 e5 2. Nc3 Bb4 3. Nd5 Bc5 4. e3 c6 5. Nc3 d5 6. d4 exd4 7. exd4 Bb4 8. a3
Bxc3+ 9. bxc3 Nf6 10. cxd5 Nxd5 11. Qc2 O-O 12. Bd3 Re8+ 13. Ne2 h6 14. c4 Nb6
15. O-O N8d7 16. Bb2 Nf6 17. Ng3 Qc7 18. d5 Nbd7 19. Ne4 cxd5 20. Nxf6+ Nxf6 21.
Bxf6 gxf6 22. cxd5 Qxc2 23. Bxc2 Bd7 24. Rfe1 Rxe1+ 25. Rxe1 Re8 26. Rxe8+ Bxe8
27. f3 Kf8 28. Kf2 Ke7 29. Ke3 Kd6 30. Kf4 Bd7 31. Bf5 Bxf5 32. Kxf5 b5 33. Kxf6
a5 34. f4 b4 35. axb4 axb4 36. Kxf7 b3 37. f5 b2 38. g4 b1=Q 39. Kg6 Qc1 40. h4
Qf4 41. g5 hxg5 42. hxg5 Kxd5 43. f6 Ke6 44. Kh6 Kf7 45. Kh5 Qh2+ 46. Kg4 Kg6 0-1

[Event "World Senior Teams +50"]
[Site "Radebeul GER"]
[Date "2016.06.28"]
[Round "3.22"]
[Board "1"]
[White "Buchholz, Ralf"]
[Black "Waschk, Armin"]
[Result "0-1"]
[WhiteElo "1926"]
[BlackElo "2183"]
[WhiteTeam "Deutsche Schach-Loewen"]
[BlackTeam "Dettmann"]
[WhiteFideId "24693910"]
[BlackFideId "4630866"]
[EventDate "2016.06.26"]

1. c4 c5 2. Nc3 Nc6 3. g3 g6 4. Bg2 Bg7 5. Nf3 e6 6. O-O Nge7 7. e4 O-O 8. d3 d6
9. Be3 Nd4 10. Qd2 Nec6 11. Bh6 a6 12. Bxg7 Kxg7 13. Nxd4 Nxd4 14. Ne2 Rb8 15.
Nxd4 cxd4 16. f4 b5 17. e5 Bb7 18. b3 Bxg2 19. Qxg2 Qb6 20. Rac1 Rbc8 21. exd6
Qxd6 22. cxb5 axb5 23. Qb2 Qd5 24. Qg2 Rc3 25. Qxd5 exd5 26. Rcd1 Re8 27. f5 Re2
28. f6+ Kh6 29. Rf2 Rxf2 30. Kxf2 Rc2+ 31. Kf3 Kg5 32. a4 bxa4 33. bxa4 Ra2 34.
h4+ Kxf6 35. Rb1 Rxa4 36. Kf4 Ra3 37. Rd1 h5 38. Rd2 Ra1 39. Rf2 Rd1 40. Rf3 Rg1
41. Rf2 Re1 42. g4 hxg4 43. Kxg4+ Ke6 44. Rf4 f5+ 45. Kg5 Rg1+ 46. Kh6 Kf6 47.
Rf3 Rh1 0-1

[Event "World Senior Teams +50"]
[Site "Radebeul GER"]
[Date "2016.06.28"]
[Round "3.22"]
[Board "2"]
[White "Dettmann, Gerd"]
[Black "Grosselohmann, Gerhard"]
[Result "0-1"]
[WhiteElo "2187"]
[BlackElo "2004"]
[WhiteTeam "Dettmann"]
[BlackTeam "Deutsche Schach-Loewen"]
[WhiteFideId "4630815"]
[BlackFideId "4645219"]
[EventDate "2016.06.26"]

1. e4 c5 2. Nf3 d6 3. d4 cxd4 4. Nxd4 Nf6 5. Nc3 g6 6. Be3 Bg7 7. f3 Nc6 8. Qd2
Bd7 9. g4 Rc8 10. h4 h5 11. g5 Nh7 12. O-O-O Nf8 13. f4 Ne6 14. Nxc6 Bxc6 15. f5
gxf5 16. Bh3 Qa5 17. Bxf5 Bd7 18. Bxe6 fxe6 19. Bd4 e5 20. Be3 Be6 21. Kb1 Kd7
22. Rhf1 Rc4 23. Rfe1 Rhc8 24. Nd5 Qxd2 25. Bxd2 Bxd5 26. exd5 Rxh4 27. Be3 Rh2
28. c3 b6 29. Rf1 Rf8 30. Rxf8 Bxf8 31. Rf1 Ke8 32. a4 Re2 33. Bc1 h4 34. g6 Rg2
35. Rh1 Rg4 36. b3 Bg7 37. Bd2 Bf6 38. c4 Rxg6 39. a5 bxa5 40. Bxa5 Rg2 41. Be1
Rg4 42. Kc2 Kd7 43. Bd2 e4 44. Be3 Rg2+ 45. Kc1 Rb2 46. Rxh4 Rxb3 47. Rxe4 Rxe3
48. Rxe3 Bg5 49. Kd2 Bxe3+ 50. Kxe3 Kc7 51. Ke4 Kb6 0-1

[Event "World Senior Teams +50"]
[Site "Radebeul GER"]
[Date "2016.06.28"]
[Round "3.23"]
[Board "1"]
[White "Frick, Renato"]
[Black "Nachtkamp, Herbert"]
[Result "1-0"]
[WhiteElo "2014"]
[BlackElo "2091"]
[WhiteTeam "Liechtenstein"]
[BlackTeam "SK Norderstedt von 1975 e.V."]
[WhiteFideId "12000027"]
[BlackFideId "4642660"]
[EventDate "2016.06.26"]

1. e4 c6 2. d4 d5 3. e5 Bf5 4. h4 Qb6 5. g4 Bd7 6. c4 dxc4 7. Bxc4 e6 8. Nc3 Ne7
9. Nge2 Nd5 10. O-O Qd8 11. g5 h6 12. Ng3 hxg5 13. hxg5 Rh4 14. f4 b5 15. Bxd5
cxd5 16. Be3 g6 17. Rc1 Qb6 18. f5 Nc6 19. fxg6 fxg6 20. Rxf8+ Kxf8 21. Qf3+ Ke8
22. Rf1 Kd8 23. Qf8+ Kc7 24. Qd6+ 1-0